00815nam a22002417a 45000010005000000030006000050050017000110080041000280200017000690400029000861000019001152450042001342600058001763000060002344900026002945050008003205200113003285210029004415210020004706000027004906500022005177000034005393352FISKH20240304103518.0240229b cb ||||| |||| 00| 0 eng d a033500713002 aFISKHbengcFISKHdFISKH aRojankovsky, F aThe three bears /cby F. Rojankovsky aNew York : bWestern Publishing Company, Inc , c1948 a26 unnumbered pages : bcolor illustrations ;c21 cm .  aA little golden book  aK  aA little girl walking in the woods finds the house of the three bears and helps herself to their belongings.8 a520 bLexile estimate 8 aK bRaz-Plus  2goldilockvfairy tale  abearsvfairy tale aRojankovsky, F eillustrator